000 00607nam a2200229Ia 4500
003 OSt
005 20220928101548.0
006 a|||||r|||| 00| 0
007 ta
008 220927b |||||||| |||| 00| 0 eng d
024 _a54238
037 _cTextual
040 _aSDCL
_cSDCL
_beng
041 _2eng
_aeng
082 _aR6, L9
100 _aStephen Dorothea Jane
_9391658
245 0 _aStudies in Early Indian thought .
260 _aDelhi
_bBharatiya Book Corporation
_c1979
300 _a176
_ccm.
942 _hR6, L9
_cTEXL
_2CC
999 _c707507
_d707507